Statistics for Bob Dylan Charting Songs (Billboard Hot 100)

Click here to take the quiz!

General Stats

  • This quiz has been taken 21 times
  • The average score is 9 of 23

Answer Stats

AlbumWeeks OnPeakSong% Correct
Highway 61 Revisited12 Weeks#2Like a Rolling Stone
93%
Desire11 Weeks#33Hurricane
87%
Nashville Skyline14 Weeks#7Lay Lady Lay
87%
Blonde on Blonde10 Weeks#2Rainy Day Women #12 & 35
80%
Pat Garrett & Billy The Kid16 Weeks#12Knockin' On Heaven's Door
80%
Bringing It All Back Home8 Weeks#39Subterranean Homesick Blues
73%
Blood on the Tracks7 Weeks#31Tangled Up in Blue
60%
Blonde on Blonde6 Weeks#33Just Like a Woman
60%
Bob Dylan's Greatest Hits9 Weeks#7Positively 4th Street
60%
Slow Train Coming12 Weeks#24Gotta Serve Somebody
47%
Blonde on Blonde7 Weeks#20I Want You
47%
Desire5 Weeks#54Mozambique
33%
Nashville Skyline7 Weeks#50Tonight I'll Be Staying Here With You
33%
Nashville Skyline5 Weeks#85I Threw It All Away
27%
Infidels9 Weeks#55Sweetheart Like You
20%
Blonde on Blonde4 Weeks#81Leopard-Skin Pill-Box Hat
20%
Bob Dylan's Greatest Hits Volume II8 Weeks#41Watching the River Flow
13%
Dylan7 Weeks#55A Fool Such As I
7%
Non-Album Single6 Weeks#58Can You Please Crawl Out Your Window?
7%
Planet Waves6 Weeks#44On a Night Like This
7%
Self Portrait7 Weeks#41Wigwam
0%
Non-Album Single8 Weeks#33George Jackson
0%
Before The Flood5 Weeks#66Most Likely You Go Your Way (And I'll Go Mine)
0%

Score Distribution

Percentile by Number Answered

Percent of People with Each Score

Your Score History

You have not taken this quiz